000 00335 a2200157 4500
001 162806
020 _a
040 _cMagnum
100 _aCaldas, Pablo
240 1 0 _aThe happiest evening ever
_lING
245 1 0 _aThe happiest evening ever
362 0 _a1899
440 1 _aFTD
697 _aLITERATURA ESTRANGEIRA
942 _cBK
999 _c162806
_d162806